| 000 | 00385nam a22001577a 4500 | ||
|---|---|---|---|
| 999 |
_c66965 _d66962 |
||
| 020 | _a9789332584167 | ||
| 082 | _a624.171HIB | ||
| 100 | _aHibbeler, R.C | ||
| 245 | _aStructural Analysis | ||
| 250 | _a9th ed. | ||
| 260 |
_aNew Delhi: _bPearson, _c2019. |
||
| 300 | _a691p. ; | ||
| 650 | _aStructural Analysis | ||
| 856 | _uhttp://10.10.170.122:8080/browse/book/14006 | ||
| 942 | _cBK | ||